Simulación de circuitos electrónicos de potencia con PSPICE
Saved in:
| Main Authors: | , , |
|---|---|
| Format: | Bog |
| Sprog: | spansk |
| Udgivet: |
Ciudad de México
Alfaomega
2001
|
| Fag: | |
| Tags: |
Tilføj Tag
Ingen Tags, Vær først til at tagge denne postø!
|
MARC
| LEADER | 00000nam a2200000 a 4500 | ||
|---|---|---|---|
| 001 | UCK6878 | ||
| 003 | CL-VaPUC | ||
| 008 | 051021e20010000MX |||||||||||||||||spa|d | ||
| 020 | |a 9701506596 | ||
| 082 | 0 | 4 | |a 621.3815 |b FIG |2 21 |
| 100 | 0 | |a Figueres Amorós, Emilio |e author |9 496368 | |
| 700 | 0 | |a Benavent García, José Manuel |e author |9 496369 | |
| 700 | 0 | |a Garcerá Sanfeliu, Gabriel |e author |9 496370 | |
| 245 | 1 | 0 | |a Simulación de circuitos electrónicos de potencia con PSPICE |
| 300 | |a 203 p | ||
| 942 | |c BK | ||
| 945 | |d 20051021 00:00:00 |a cmena | ||
| 260 | |a Ciudad de México |b Alfaomega |c 2001 | ||
| 650 | 0 | |a Circuitos electrónicos |9 260204 | |
| 650 | 0 | |a Electrónica de potencia |9 263153 | |
| 650 | 0 | |a Simulación por computador |9 260988 | |
| 650 | 7 | |a PSPICE |2 CL-VaPUC |9 472501 | |
| 583 | |a last modification |c 20051021 00:00:00 |k Rodrigo Vera | ||
| 999 | |c 315017 |d 315015 | ||
| 952 | |0 0 |1 0 |2 ddc |4 0 |6 621_381500000000000_FIG_2001 |7 0 |8 A |9 387910 |a BIBING |b BIBING |c RES |d 2019-11-22 |i 4143388 |o 621.3815 FIG 2001 |p 4143388 |r 2025-01-20 |w 2019-11-22 |y BK |k EIE | ||
| 952 | |0 0 |1 0 |2 ddc |4 0 |6 621_381500000000000_FIG_2001 |7 0 |8 A |9 387911 |a BIBING |b BIBING |c RES |d 2019-11-22 |i 4143396 |o 621.3815 FIG 2001 |p 4143396 |r 2025-01-20 |w 2019-11-22 |y BK |k EIE | ||